NMR spectroscopy : basic principles and applications /

Bibliographic Details
Main Author: Macomber, Roger S.
Format: Book
Language:English
Published: San Diego : Harcourt Brace Jovanovich, [1988]
Edition:1st ed.
Series:Books for professionals.
Harcourt Brace Jovanovich college outline series.
Subjects:

MARC

Tag First Indicator Second Indicator Subfields
LEADER 00000cam a2200000 a 4500
001 in00001502829
005 20151021074439.0
008 870722s1988 caua b 001 0 eng
010 |a  87021141  
020 |a 0156016508 (pbk.) :  |c $12.95 
020 |a 9780156016506 (pbk.) 
035 |a (OCoLC)16405586 
035 |9 AJH7873AM 
040 |a DLC  |c DLC  |d TXA  |d UtOrBLW 
049 |a TXAM 
050 0 0 |a QD96.N8  |b M323 1988 
082 0 0 |a 538/.362  |2 19 
100 1 |a Macomber, Roger S. 
245 1 0 |a NMR spectroscopy :  |b basic principles and applications /  |c Roger S. Macomber. 
246 1 4 |a NMR spectroscopy essential theory and practice 
250 |a 1st ed. 
264 1 |a San Diego :  |b Harcourt Brace Jovanovich,  |c [1988] 
264 4 |c ©1988 
300 |a x, 209 pages :  |b illustrations ;  |c 28 cm. 
336 |a text  |b txt  |2 rdacontent 
337 |a unmediated  |b n  |2 rdamedia 
338 |a volume  |b nc  |2 rdacarrier 
490 1 |a Books for professionals 
490 1 |a Harcourt Brace Jovanovich college outline series 
504 |a Includes bibliographical references and indexes. 
650 0 |a Nuclear magnetic resonance spectroscopy. 
830 0 |a Books for professionals. 
830 0 |a Harcourt Brace Jovanovich college outline series. 
948 |a c:cer 
999 |a MARS 
999 f f |s 164e6134-d6b2-3c1d-8417-9f5474c6e9e3  |i 9380e67e-ad5f-38de-b600-30c0d99cf6d7  |t 0 
952 f f |p normal  |a Texas A&M University  |b College Station  |c Sterling C. Evans Library  |d Evans: Library Stacks  |t 0  |e QD96.N8 M323 1988  |h Library of Congress classification  |i unmediated -- volume  |m A14824999286 
998 f f |a QD96.N8 M323 1988  |t 0  |l Evans: Library Stacks